000 00679nam a2200217Ia 4500
005 20240605115032.0
008 240515t1972||||xx |||||||||||||| ||und||
040 _aODONTO
_bspa
_cODONTO
_dODONTO
041 _afra
082 _a611.314 C924
100 _aCrédot, Maurice
_97663
245 0 _aL'arcade dentaire humaine :
_b morphologie /
_cMaurice Crédot. --
260 _aParis :
_bJulien Prélat, 
_c1972.
300 _a63 p. :
_bil. ;
_c21 cm.
650 0 2 _aArco dental
_97664
650 0 2 _aDientes
_9944
650 0 2 _aDientes filosofía
_97879
650 0 2 _aOclusión (Odontología)
_9413
942 _aBiblioteca de Odontología
_cBK
_n0
_k611.314 C924
_2ddc
999 _c2693
_d2693